The Physician throughout the Ages / Volume I (Record no. 2184)

000 -LEADER
fixed length control field 00817nam a22001937a 4500
003 - CONTROL NUMBER IDENTIFIER
control field OSt
005 - DATE AND TIME OF LATEST TRANSACTION
control field 20210427063628.0
008 - FIXED-LENGTH DATA ELEMENTS--GENERAL INFORMATION
fixed length control field 210312s1938 ||||| |||| 00| 0 eng d
040 ## - CATALOGING SOURCE
Original cataloging agency eng
Language of cataloging eng
Transcribing agency DLC
041 ## - LANGUAGE CODE
Language code of text/sound track or separate title eng
080 ## - UNIVERSAL DECIMAL CLASSIFICATION NUMBER
Universal Decimal Classification number 61 (09)
Item number P-59
245 ## - TITLE STATEMENT
Title The Physician throughout the Ages / Volume I
Remainder of title : A record of the Doctor from the Earliest Historical Period - Embracing a General Survey of the Practice of Medicine - The Social History pf the Doctor - with Medical Chronology and Biographies of Outstanding Physicians
Statement of responsibility, etc. / by: Capehart-Brown Co., Inc
260 ## - PUBLICATION, DISTRIBUTION, ETC.
Place of publication, distribution, etc. New york
Name of publisher, distributor, etc. Capehart-Brown Co., Inc
Date of publication, distribution, etc. 1938
300 ## - PHYSICAL DESCRIPTION
Extent 848 p.
Other physical details ill.
650 #0 - SUBJECT ADDED ENTRY--TOPICAL TERM
9 (RLIN) 335
Topical term or geographic name entry element History of Medicine
653 ## - INDEX TERM--UNCONTROLLED
Uncontrolled term მედიცინის ისტორია
700 ## - ADDED ENTRY--PERSONAL NAME
9 (RLIN) 1397
Personal name Brown-Selwyn, Arthur
Relator term Illustrator
942 ## - ADDED ENTRY ELEMENTS (KOHA)
Source of classification or shelving scheme
Koha item type Books
Holdings
Withdrawn status Lost status Source of classification or shelving scheme Damaged status Not for loan Permanent location Current location Date acquired Inventory number Total Checkouts Full call number Barcode Date last seen Price effective from Koha item type
          Ken Walker International University Ken Walker International University 03/12/2021 1406   61 (09) P-59 1406 03/12/2021 03/12/2021 Books

Powered by Koha